[Event "Gibraltar Amateur op-B"]
[Site "Caleta"]
[Date "2019.01.30"]
[Round "5"]
[White "Ralivololona, Hanitriniaina Andri"]
[Black "Mahbubani, Arun"]
[Result "1/2-1/2"]
[WhiteElo "1399"]
[BlackElo "1261"]
[PlyCount "73"]
[EventDate "2019.01.26"]
[EventType "swiss"]
[EventRounds "5"]
[EventCountry "GGB"]
[SourceTitle "EXT 2021"]
[Source "ChessBase"]
[SourceDate "2020.10.23"]
[SourceVersion "1"]
[SourceVersionDate "2020.10.23"]
[SourceQuality "1"]

1. e4 e5 2. Nf3 Nc6 3. Bb5 d6 4. h3 Nf6 5. Nc3 Be7 6. 0-0 0-0 7. d4 h6 8. dxe5 Nxe5 9. Nxe5 dxe5 10. a3 a6 11. Ba4 b5 12. Bb3 Bb7 13. Qxd8 Raxd8 14. Re1 c5 15. f3 c4 16. Ba2 Bc5+ 17. Kh1 Rd7 18. Be3 Bd4 19. Bxd4 exd4 20. Ne2 Rfd8 21. Rad1 Nh7 22. Rd2 Nf8 23. Red1 Ne6 24. a4 d3 25. cxd3 Rxd3 26. Rxd3 cxd3 27. Nc3 b4 28. Nd5 Nc5 29. a5 b3 30. Bb1 Bxd5 31. exd5 Rxd5 32. Kg1 Kf8 33. Kf2 g5 34. Ke3 d2 35. Rxd2 Rxd2 36. Kxd2 Nb7 37. Bd3 1/2-1/2

[Event "Gibraltar Amateur op-A"]
[Site "Caleta"]
[Date "2019.01.23"]
[Round "3"]
[White "Elsner, Boris"]
[Black "Mahbubani, Arun"]
[Result "1-0"]
[WhiteElo "1491"]
[BlackElo "1261"]
[PlyCount "135"]
[EventDate "2019.01.21"]
[EventType "swiss"]
[EventRounds "5"]
[EventCountry "GGB"]
[SourceTitle "CBM 188 Extra"]
[Source "ChessBase"]
[SourceDate "2019.02.26"]
[SourceVersion "1"]
[SourceVersionDate "2019.02.26"]
[SourceQuality "1"]

1. d4 Nf6 2. Bf4 d5 3. Nf3 c5 4. c3 cxd4 5. Qxd4 Nc6 6. Qe3 e6 7. Ne5 Bd6 8. Nxc6 bxc6 9. Qf3 Bxf4 10. Qxf4 0-0 11. e3 c5 12. Bd3 c4 13. Bc2 a5 14. Nd2 Qb6 15. Rb1 Nh5 16. Qh4 g6 17. a4 Qd8 18. Qd4 Re8 19. Nf3 Qf6 20. Qd1 e5 21. Qxd5 Be6 22. Qxe5 Qe7 23. 0-0 Qd7 24. Rfd1 Qc8 25. Rd6 Bg4 26. Qd5 Be6 27. Qd4 Ng7 28. Ng5 Qc7 29. Nxe6 Nxe6 30. Qd5 Rad8 31. Rd1 Rxd6 32. Qxd6 Qb7 33. Qa3 Rb8 34. Rb1 Qc7 35. b4 axb4 36. Rxb4 Kg7 37. Rxb8 Qxb8 38. a5 Qa7 39. h3 h5 40. Be4 Nc5 41. Bd5 Nb3 42. a6 f5 43. Bxc4 Nc5 44. Bb5 Kf7 45. c4 Ke6 46. Qa1 Nxa6 47. Qxa6+ Qxa6 48. Bxa6 Kd6 49. Bb5 Kc5 50. h4 Kd6 51. f3 Ke5 52. e4 f4 53. Kf2 Kd4 54. g3 fxg3+ 55. Kxg3 Ke5 56. c5 Ke6 57. c6 g5 58. hxg5 h4+ 59. Kxh4 Kd6 60. g6 Ke7 61. c7 Kf6 62. Kh5 Ke5 63. c8Q Kf6 64. Qf5+ Ke7 65. Qe5+ Kd8 66. Qg7 Kc8 67. Bc6 Kd8 68. Qd7# 1-0

[Event "Gibraltar Amateur op-A"]
[Site "Caleta"]
[Date "2018.01.24"]
[Round "3"]
[White "Mahbubani, Arun"]
[Black "Morris, Priscilla"]
[Result "0-1"]
[WhiteElo "1288"]
[BlackElo "1350"]
[PlyCount "82"]
[EventDate "2018.01.22"]
[EventType "swiss"]
[EventRounds "5"]
[EventCountry "GGB"]
[SourceTitle "EXT 2019"]
[Source "ChessBase"]
[SourceDate "2018.10.10"]
[SourceVersion "1"]
[SourceVersionDate "2018.10.10"]
[SourceQuality "1"]

1. e4 e5 2. Nf3 Nc6 3. d4 exd4 4. Nxd4 Qh4 5. Be3 Qxe4 6. Nc3 Bb4 7. Bd3 Qxg2 8. Be4 Bxc3+ 9. bxc3 Qxe4 10. Rf1 Nxd4 11. cxd4 d5 12. Kd2 Nf6 13. Re1 0-0 14. f3 Qh4 15. Qe2 Bd7 16. Rg1 Rae8 17. Qg2 g6 18. c3 Nh5 19. Bg5 Nf4 20. Bxh4 Nxg2 21. Rxg2 Re6 22. f4 f5 23. Bg5 Rfe8 24. h4 h5 25. Rag1 Rb6 26. Kc1 Bb5 27. Bh6 Kf7 28. Rb2 a5 29. Kd2 Re2+ 30. Kc1 Rxb2 31. Kxb2 Bd3+ 32. Ka3 Rb5 33. Rd1 Be4 34. Rd2 c5 35. Ka4 Rb1 36. Kxa5 b6+ 37. Ka6 Rc1 38. dxc5 bxc5 39. Rb2 d4 40. Rb7+ Bxb7+ 41. Kxb7 d3 0-1